| 000 | 00439nam a2200157Ia 4500 | ||
|---|---|---|---|
| 008 | 240401s2022 xx und d | ||
| 041 | _aeng | ||
| 082 | _a615.321/GOK | ||
| 100 | _aDR.M.G.KALAESKAR | ||
| 245 | _aA PRACTICAL BOOK OF PHARMACOGNOSY AND PHYTOCHEMISTRY -I | ||
| 250 | _a4 | ||
| 260 |
_aPUNE _bNIRALI PRAKASHAN _c2022 |
||
| 300 | _aP.B/10.2 | ||
| 650 | _aPHARMACOGNOSY | ||
| 650 | _aPHARMACOGNOSY AND PHYTOCHEMISTRY -I | ||
| 999 |
_c1152146 _d1152146 |
||